Teatro surtido, loco y divertido /

Guardado en:
Autor Principal: Erbiti, Alejandra.
Otros Autores: Cortina, Gabriel; il.
Formato: Libro
Publicado: Buenos Aires : Letra Impresa, 2015.
Series:La Puerta Secreta ; 31
Materias:
Etiquetas: Agregar Etiqueta
Sin Etiquetas, Sea el primero en etiquetar este registro!
LEADER 00982nam a22002415a 4500
001 CEM.cems019722
008 221012s2015####ag############000#0#####d
005 20221012104757.0
245 1 0 |a Teatro surtido, loco y divertido /  |c Alejandra Erbiti ; ilustrado por Gabriel Cortina. 
260 |a Buenos Aires :  |b Letra Impresa,  |c 2015. 
300 |a 96 p. 
490 0 |a La Puerta Secreta ;  |v 31 
505 0 |a La puerta secreta -- La llave maestra -- Teatro surtido, loco y divertido -- ¡A cantar se ha dicho! -- Confundidísimos hermanos! -- Prometeo, esto se pone feo -- Los secretos de Teatro surtido, loco y divertido -- Nuevas puertas para abrir 
020 |a 979871565689 
100 1 |a Erbiti, Alejandra. 
700 1 |a Cortina, Gabriel; il. 
082 0 4 |a A862.4 
653 |a Literatura infantil 
653 |a Literatura juvenil 
653 |a Literatura Argentina 
653 |a Teatro 
653 |a Teatro Infantil 
859 |a CEMS  |b BIB. CEMS - Inicial y Primaria  |h A862.4  |i Er19  |k IP  |p 5950  |t Ej.1